L G Caltex Gas v China National Petroleum (Record no. 68069)

MARC details
000 -LEADER
fixed length control field 01384cam a2200241 4500
001 - CONTROL NUMBER
control field ABS64352
008 - FIXED-LENGTH DATA ELEMENTS--GENERAL INFORMATION
fixed length control field 010822n2001 000 0 eng u
035 ## - SYSTEM CONTROL NUMBER
System control number (Sirsi) u114273
245 ## - TITLE STATEMENT
Title L G Caltex Gas v China National Petroleum
260 ## - PUBLICATION, DISTRIBUTION, ETC.
Date of publication, distribution, etc. 2001
490 ## - SERIES STATEMENT
Series statement Building Law Reports
Volume/sequential designation [2001] BLR 235-252(18)
520 ## - SUMMARY, ETC.
Summary, etc. QBD 19 January 2001. Involved a dispute over two alleged contracts arising from negotiations for importing and marketing liquid petroleum gas in southern China. An arbitrator was appointed but his jurisdiction was challenged. The issues examined by case was whether an 'ad hoc' submission had been agreed and whether any challenges to the arbitrator were barred. It was decided that the parties had agreed to an 'ad hoc' submission and that the arbitrator therefore had jurisdiction but that any successful challenges to the arbitration awards could only be made under the Arbitration Act 1996 s68 or s69.
590 ## - LOCAL NOTE (RLIN)
Local note ABS
650 ## - SUBJECT ADDED ENTRY--TOPICAL TERM
Topical term or geographic name entry element ARBITRATORS' JURISDICTION
650 ## - SUBJECT ADDED ENTRY--TOPICAL TERM
Topical term or geographic name entry element ARBITRATION ACT 1996 S67
650 ## - SUBJECT ADDED ENTRY--TOPICAL TERM
Topical term or geographic name entry element ARBITRATION ACT 1996 S68
650 ## - SUBJECT ADDED ENTRY--TOPICAL TERM
Topical term or geographic name entry element ARBITRATION ACT 1996 S69
650 ## - SUBJECT ADDED ENTRY--TOPICAL TERM
Topical term or geographic name entry element ARBITRATION ACT 1996 S73
650 ## - SUBJECT ADDED ENTRY--TOPICAL TERM
Topical term or geographic name entry element L G CALTEX GAS V CHINA NATIONAL PETROLEUM
650 ## - SUBJECT ADDED ENTRY--TOPICAL TERM
Topical term or geographic name entry element MANAGEMENT-DISPUTE AVOIDANCE, MANAGEMENT AND RESOLUTION-DISPUTE MANAGEMENT AND RESOLUTION-ARBITRATION
690 ## - LOCAL SUBJECT ADDED ENTRY--TOPICAL TERM (OCLC, RLIN)
Topical term or geographic name as entry element Dispute resolution
9 (RLIN) 6236
942 ## - ADDED ENTRY ELEMENTS (KOHA)
Suppress in OPAC 0
Holdings
Withdrawn status Lost status Source of classification or shelving scheme Damaged status Not for loan Home library Current library Shelving location Date acquired Total Checkouts Full call number Barcode Date last seen Copy number Price effective from Koha item type
    Dewey Decimal Classification     London London Journal article 22/08/2001   ABS64352 114273-1001 06/08/2019 1 06/08/2019 Law report